000 00933nam a2200313 i 4500
001 C2-0250954
003 PPAK
005 20230822122249.0
008 030803s2003 my g | 0 j may d
020 _a9836276548
_a9789836276544
_qpaperback
040 _aPPAK
_beng
_cPPAK
_erda
082 0 4 _223
_a899.2333
090 0 0 _a899.233
_bABD
_dG
090 2 0 _a899.233
_bABD
_dKAR
090 2 0 _a899.233
_bABD
_dKK
090 2 0 _a899.233
_bABD
_dKMI
090 2 0 _a899.233
_bABD
_dKSS
090 2 0 _a899.2333
_bABD
_dKWS
100 0 _aAbdul Halim R,
_eauthor.
245 1 0 _aCampak :
_bKumpulan Cerpen Lima Dekad /
_cAbdul Halim "R"
264 1 _aKuala Lumpur :
_bDewan Bahasa dan Pustaka,
_c2003
300 _aix, 246 pages ;
_c19 cm
336 _2rdacontent
_atext
337 _2rdamedia
_aunmediated
338 _2rdacarrier
_avolume
650 1 0 _aShort stories, Malay.
650 1 0 _aMalay fiction
942 _cB
_2ddc
999 _c64248
_d64248